الإمتاع بالأربعين المتباينة السماع و يليه أسئلة من خط الشيخ العسقلاني و الجواب عليها جمع شيخ الإسلام القسطلاني / (رقم التسجيلة. 51148)

تفاصيل مارك
000 -LEADER
fixed length control field 00783nam a22001697a 4500
005 - DATE AND TIME OF LATEST TRANSACTION
control field 20251108170858.0
008 - FIXED-LENGTH DATA ELEMENTS--GENERAL INFORMATION
fixed length control field 250721s1997 xx 000 0 ara d
082 14 - DEWEY DECIMAL CLASSIFICATION NUMBER
Classification number 213/حجر
100 1# - MAIN ENTRY--PERSONAL NAME
Personal name إبن حجر العسقلاني، شهاب الدين أبو الفضل أحمد
245 10 - TITLE STATEMENT
Title الإمتاع بالأربعين المتباينة السماع و يليه أسئلة من خط الشيخ العسقلاني و الجواب عليها جمع شيخ الإسلام القسطلاني /
264 1# - PRODUCTION, PUBLICATION, DISTRIBUTION, MANUFACTURE, AND COPYRIGHT NOTICE
Place of production, publication, distribution, manufacture بيروت :
Name of producer, publisher, distributor, manufacturer دار الكتب العلمية،
Date of production, publication, distribution, manufacture, or copyright notice 1997.
300 ## - PHYSICAL DESCRIPTION
Extent 135ص
650 17 - SUBJECT ADDED ENTRY--TOPICAL TERM
Topical term or geographic name as entry element الحديث الشريف
700 1# - ADDED ENTRY--PERSONAL NAME
Personal name الشافعي، أبو عبد الله محمد حسن محمد حسن إسماعيل
Relator term تحقيق
942 ## - ADDED ENTRY ELEMENTS (KOHA)
Source of classification or shelving scheme Dewey Decimal Classification
Koha item type كتب
المقتنيات
حالة السحب حالة الفقدان مصدر التصنيف حالة التلف غير قابل للإعارة المكتبة الرئيسية المكتبة الحالية موقع الرف تاريخ التزويد الرقم المتسلسل Total Checkouts رقم الإستدعاء الباركود تاريخ آخر ظهور تاريخ الفاتورة نوع المادة (كوها)
    Dewey Decimal Classification     مكتبة صويلح العامة مكتبة صويلح العامة الإعارة 03/09/2015 [14143   213/حجر PLD00344604 28/07/2025 03/09/2015 كتب
Implemented & Customized by: BBB with SCIT (Smart Chains for Information Technology)

Powered by Koha